Tasveer dost (Record no. 534097)
[ view plain ]
| 000 -LEADER | |
|---|---|
| fixed length control field | 00491nam a22001937a 4500 |
| 003 - CONTROL NUMBER IDENTIFIER | |
| control field | NUST - |
| 005 - DATE AND TIME OF LATEST TRANSACTION | |
| control field | 20200130161453.0 |
| 008 - FIXED-LENGTH DATA ELEMENTS--GENERAL INFORMATION | |
| fixed length control field | 151004b xxu||||| |||| 00| 0 eng d |
| 020 ## - INTERNATIONAL STANDARD BOOK NUMBER | |
| International Standard Book Number | - |
| 038 ## - RECORD CONTENT LICENSOR | |
| Staff Name | MSOHAIL |
| 040 ## - CATALOGING SOURCE | |
| Transcribing agency | LIBRARY |
| 082 ## - DEWEY DECIMAL CLASSIFICATION NUMBER | |
| Classification number | 891.439 JIL |
| 100 ## - MAIN ENTRY--PERSONAL NAME | |
| Personal name | Jillani, Ahmad Javaid |
| 9 (RLIN) | 28225 |
| 245 ## - TITLE STATEMENT | |
| Title | Tasveer dost |
| Statement of responsibility, etc. | Ahmad Javaid Jillani |
| 260 ## - PUBLICATION, DISTRIBUTION, ETC. | |
| Date of publication, distribution, etc. | Lahore |
| Place of publication, distribution, etc. | Maqbool Academy |
| Name of publisher, distributor, etc. | c2000 |
| 300 ## - PHYSICAL DESCRIPTION | |
| Extent | 400;p |
| 650 ## - SUBJECT ADDED ENTRY--TOPICAL TERM | |
| Topical term or geographic name entry element | Urdu Literature |
| General subdivision | General |
| 9 (RLIN) | 20894 |
| 942 ## - ADDED ENTRY ELEMENTS (KOHA) | |
| Source of classification or shelving scheme | |
| Koha item type | Book |
| Withdrawn status | Lost status | Source of classification or shelving scheme | Damaged status | Not for loan | Permanent Location | Current Location | Date acquired | Total Checkouts | Full call number | Barcode | Date last seen | Price effective from | Koha item type |
|---|---|---|---|---|---|---|---|---|---|---|---|---|---|
| School of Civil and Environmental Engineering (SCEE) | School of Civil and Environmental Engineering (SCEE) | 01/30/2020 | 891.4398 JIL | NIT-9618 | 01/30/2020 | 01/30/2020 | Book |
